000 00433nam a22001697a 4500
005 20180810104834.0
008 160623b xxu||||| |||| 00| 0 eng d
020 _a978-0-07-065612-3
041 _aeng
082 _b9380
_a658.3
100 _aAswathappa. K. and Dash, Sadhna
_92703
245 _aInternational Human Resource Management
260 _bTMH
_c2009
_adelhi
300 _a316p,
650 _aManagement
_9241
942 _cBK
999 _c3688
_d3687